书目信息 |
| 题名: |
民法讲义
|
|
| 作者: | 山本敬三 著 ;解亘 译 | |
| 分册: | I 总则 | |
| 出版信息: | 北京 北京大学出版社 2012.06 |
|
| 页数: | 27,530页 | |
| 开本: | 23cm | |
| 丛书名: | 法学精品教科书译丛 | |
| 单 册: | ||
| 中图分类: | D931.331 | |
| 科图分类: | ||
| 主题词: | 民法--日本--教材 , 民法--总则--日本--教材 , 民法 , 总则 | |
| 电子资源: | ||
| ISBN: | 978-7-301-20618-8 | |
| 000 | 01038oam2 2200325 450 | |
| 001 | 002701901 | |
| 005 | 20130427083817.96 | |
| 010 | @a978-7-301-20618-8@dCNY62.00 | |
| 100 | @a20120718d2012 em y0chiy0110 ea | |
| 101 | 1 | @achi@cjpn |
| 102 | @aCN@b110000 | |
| 105 | @ay zn 000yy | |
| 106 | @ar | |
| 200 | 1 | @a民法讲义@9min fa jiang yi@hI@i总则@f(日)山本敬三著@g解亘译 |
| 205 | @a3版 | |
| 210 | @a北京@c北京大学出版社@d2012.06 | |
| 215 | @a27,530页@d23cm | |
| 225 | 2 | @a法学精品教科书译丛 |
| 305 | @a据有斐阁2011版译出 | |
| 330 | @a本书是有关日本民法总则的教科书。用大量的设例来阐明成为问题的事项,并尽可能明确地整理相关判例和学说的主张、论据。 | |
| 461 | 0 | @12001 @a法学精品教科书译丛@1035 @a(A100000NLC)002701898 |
| 606 | 0 | @a民法@y日本@j教材 |
| 606 | 0 | @a民法@x总则@y日本@j教材 |
| 606 | 0 | @a民法 |
| 606 | 0 | @a总则 |
| 690 | @aD931.331@v5 | |
| 701 | 0 | @c(日)@a山本敬三@9shan ben jing san@f(1960~)@4著 |
| 702 | 0 | @a解亘@9xie gen@4译 |
| 801 | 0 | @aCN@bNLC@c20120921 |
| 905 | @b542023-27@dD931.331@e74:1=3@f5 | |
| 民法讲义.I.总则/(日)山本敬三著/解亘译.-3版.-北京:北京大学出版社,2012.06 |
| 27,530页;23cm.-(法学精品教科书译丛) |
| ISBN 978-7-301-20618-8:CNY62.00 |
| 本书是有关日本民法总则的教科书。用大量的设例来阐明成为问题的事项,并尽可能明确地整理相关判例和学说的主张、论据。 |
| ● |
| 相关链接 |
|
|
|
|
正题名:民法讲义
索取号:D931.331/74:1=3
 
预约/预借
| 序号 | 登录号 | 条形码 | 馆藏地/架位号 | 状态 | 备注 |
| 1 | 542023 | 205420230 | 第一样本阅览室/ [索取号:D931.331/74:1=3] | 在馆 | |
| 2 | 542024 | 205420249 | 第一借阅区/ [索取号:D931.331/74:1=3] | 在馆 | |
| 3 | 542025 | 205420258 | 第一借阅区/ [索取号:D931.331/74:1=3] | 在馆 | |
| 4 | 542026 | 205420267 | 第一借阅区/ [索取号:D931.331/74:1=3] | 在馆 | |
| 5 | 542027 | 205420276 | 史法系资料室/ [索取号:D931.331/74:1=3] | 在馆 |